Defensores de los derechos humanos en primera línea América Central y México
Gespeichert in:
| Format: | Buch |
|---|---|
| Sprache: | Spanish |
| Veröffentlicht: |
Madrid, España
Amnistía Internacional
1996
|
| Ausgabe: | Edición española a cargo de: Editorial Amnistía Internacional (EDAI) |
| Schlagworte: | |
| Tags: |
Tag hinzufügen
Keine Tags, Fügen Sie den ersten Tag hinzu!
|
MARC
| LEADER | 00000nam a22000007a 4500 | ||
|---|---|---|---|
| 003 | cru CIDCACS/IIS | ||
| 005 | 20210311062558.0 | ||
| 008 | 171215b xxu||||| |||| 00| 0 spa d | ||
| 999 | |c 40762 |d 40762 | ||
| 040 | |c cru CIDCACS/IIS | ||
| 090 | |a 00.00.00 Dxxd | ||
| 245 | |a Defensores de los derechos humanos en primera línea América Central y México | ||
| 250 | |a Edición española a cargo de: Editorial Amnistía Internacional (EDAI) | ||
| 260 | |a Madrid, España |b Amnistía Internacional |c 1996 | ||
| 300 | |a 48 páginas | ||
| 500 | |a Colección Alforja | ||
| 650 | 1 | 0 | |9 38 |a DERECHOS HUMANOS |
| 650 | 1 | 0 | |a POLITICA DE DEFENSA |9 3674 |
| 651 | 1 | 0 | |9 1928 |a EL SALVADOR |
| 651 | 1 | 0 | |9 128 |a AMERICA CENTRAL |
| 651 | 1 | 0 | |a MEXICO |9 3410 |
| 942 | |2 ddc |c LI | ||
